Introducing functional grammar / (Record no. 21943)
[ view plain ]
| 000 -LEADER | |
|---|---|
| fixed length control field | 02751 am a22003015a 4500 |
| 001 - CONTROL NUMBER | |
| control field | 016303338 |
| 003 - CONTROL NUMBER IDENTIFIER | |
| control field | EG-ScBUE |
| 005 - DATE AND TIME OF LATEST TRANSACTION | |
| control field | 20220427105338.0 |
| 008 - FIXED-LENGTH DATA ELEMENTS--GENERAL INFORMATION | |
| fixed length control field | 130304s2014 enka f b 001 0 eng d |
| 020 ## - INTERNATIONAL STANDARD BOOK NUMBER | |
| International Standard Book Number | 9781444152678 (pbk.) |
| 040 ## - CATALOGING SOURCE | |
| Original cataloging agency | StDuBDS |
| Language of cataloging | eng |
| Description conventions | rda |
| Transcribing agency | StDuBDS |
| Modifying agency | Uk |
| -- | EG-ScBUE |
| 082 04 - DEWEY DECIMAL CLASSIFICATION NUMBER | |
| Classification number | 415 |
| Edition number | 22 |
| Item number | THO |
| 100 1# - MAIN ENTRY--PERSONAL NAME | |
| Personal name | Thompson, Geoff, |
| Dates associated with a name | 1947- |
| Relator term | author. |
| 9 (RLIN) | 40299 |
| 245 10 - TITLE STATEMENT | |
| Title | Introducing functional grammar / |
| Statement of responsibility, etc | Geoff Thompson. |
| 250 ## - EDITION STATEMENT | |
| Edition statement | Third edition. |
| 264 #1 - PUBLICATION, DISTRIBUTION, ETC. (IMPRINT) | |
| Place of publication, distribution, etc | London ; |
| -- | New York : |
| Name of publisher, distributor, etc | Routledge, |
| Date of publication, distribution, etc | 2014. |
| 300 ## - PHYSICAL DESCRIPTION | |
| Extent | xii, 313 pages : |
| Other physical details | illustrations ; |
| Dimensions | 24 cm |
| 336 ## - CONTENT TYPE | |
| Source | rdacontent |
| Content type term | text |
| Content type code | txt |
| 337 ## - MEDIA TYPE | |
| Source | rdamedia |
| Media type term | unmediated |
| Media type code | n |
| 338 ## - CARRIER TYPE | |
| Source | rdacarrier |
| Carrier type term | volume |
| Carrier type code | nc |
| 504 ## - BIBLIOGRAPHY, ETC. NOTE | |
| Bibliography, etc | Includes bibliographical references and index.<br/> |
| 505 0# - FORMATTED CONTENTS NOTE | |
| Formatted contents note | 1. The purposes of linguistic analysis -- 1.1 Starting points -- 1.2 Language, context and function: a preliminary exploration -- 2. Identifying clauses and clause constituents -- 2.1 Breaking up the sentence and labelling the parts -- 2.2 Ranks -- 3. An overview of Functional Grammar -- 3.1 Three kinds of meaning -- 3.2 Register and genre -- 4. Interacting: the interpersonal metafunction -- 4.1 Introduction -- 4.2 Roles of addressers and audience -- 4.3 Mood -- 4.4 Modality -- 4.5 Appraisal -- 4.6 Interaction and negotiation -- 4.7 Interaction through text -- 5. Representing the world: the experiential metafunction -- 5.1 Introduction -- 5.2 Transitivity: processes and participants -- 5.3 More complex aspects of transitivity -- 5.4 Transitivity patterns in text -- 5.5 Ergativity -- 6. Organizing the message: the textual metafunction - Theme -- 6.1 Introduction: making messages fit together -- 6.2 Theme -- 6.3 Identifying Theme -- 6.6 Multiple Theme -- 6.7 Some issues in Theme analysis -- 6.8 Theme in text -- 6.9 A final note on identifying Theme -- 7. Clauses in combination -- 7.1 Introduction -- 7.2 Units of analysis -- 7.3 Types of relations between clauses -- 7.4 Expansion -- 7.5 Projection -- 7.6 Clause complexing -- 8. Organizing the message: the textual metafunction -cohesion -- 8.1 Cohesion and coherence -- 8.2 Reference and ellipsis -- 8.3 Conjunction -- 8.4 Cohesion and register -- 9. Grammatical metaphor -- 9.1 Introduction -- 9.2 Grammatical metaphor -- 9.3 Experiential and logical metaphors -- 9.4 Interpersonal metaphors -- 9.5 Textual metaphor -- 9.6 A cautionary note -- 10. Implications and applications of Functional Grammar -- 10.1 Three-dimensional analysis of texts -- 10.2 A summary review of Functional Grammar -- 10.3 Using Functional Grammar -- 10.4 Closing. |
| 650 #7 - SUBJECT ADDED ENTRY--TOPICAL TERM | |
| Topical term or geographic name as entry element | Functionalism (Linguistics) |
| Source of heading or term | BUEsh |
| 9 (RLIN) | 40300 |
| 651 ## - SUBJECT ADDED ENTRY--GEOGRAPHIC NAME | |
| Source of heading or term | BUEsh |
| 653 ## - INDEX TERM--UNCONTROLLED | |
| Arrived date list | June2016 |
| Resource For college | Humanities: English |
| 655 ## - INDEX TERM--GENRE/FORM | |
| Form subdivision | Reading book |
| 9 (RLIN) | 34232 |
| 942 ## - ADDED ENTRY ELEMENTS (KOHA) | |
| Source of classification or shelving scheme | Dewey Decimal Classification |
| Koha item type | Book - Borrowing |
| Withdrawn status | Lost status | Source of classification or shelving scheme | Damaged status | Not for loan | Collection code | Home library | Current library | Shelving location | Date acquired | Source of acquisition | Cost, normal purchase price | Serial Enumeration / chronology | Total Checkouts | Total Renewals | Full call number | Barcode | Date last seen | Date checked out | Cost, replacement price | Price effective from | Koha item type |
|---|---|---|---|---|---|---|---|---|---|---|---|---|---|---|---|---|---|---|---|---|---|
| Dewey Decimal Classification | Baccah | Central Library | Central Library | Second Floor | 22/06/2016 | Purchase | 644.00 | 25868 | 7 | 1 | 415 THO | 000032729 | 13/11/2025 | 21/10/2020 | 804.00 | 22/06/2016 | Book - Borrowing |